| 000 | 01573cam a2200337 4500 | ||
|---|---|---|---|
| 001 | data | ||
| 005 | 20260322212114.0 | ||
| 008 | data | ||
| 035 | _a3142602 | ||
| 906 |
_a7 _bcbc _corignew _d2 _eopcn _f19 _gy-gencatlg |
||
| 010 | _a 73076966 | ||
| 035 | _9(DLC) 73076966 | ||
| 040 |
_aDLC _cDLC _dDLC |
||
| 042 | _alcac | ||
| 050 | 0 | 0 |
_aPZ10.3.K97 _bLu |
| 082 | 0 | 0 | _a[E] |
| 100 | 1 |
_aKunhardt, Dorothy, _d1901-1979. |
|
| 245 | 1 | 0 |
_aLucky Mrs. Ticklefeather and other funny stories; _bthe best of Dorothy Kunhardt. |
| 260 |
_aNew York, _bGolden Press _c[1973] |
||
| 300 |
_a69 p. _bcol. illus. _c31 cm. |
||
| 336 |
_atext _btxt _2rdacontent |
||
| 337 |
_aunmediated _bn _2rdamedia |
||
| 338 |
_avolume _bnc _2rdacarrier |
||
| 505 | 0 | _aThe two stuck in the mud rhinoceroses.--The little giraffe wants to play.--Look out, baby bears, here he comes.--The little leopard and his fat stomach.--Why the little elephant got spanked.--The cowboy kitten.--Little Peewee.--April fool.--The wonderful silly picnic.--Poor frightened Mr. Pig.--The two snowbulls.--Little squirrel's Santa Claus.--Lucky Mrs. Ticklefeather.--Shame on you, baby whale.--"Meow," said the fierce baby lion. | |
| 650 | 0 |
_aAnimals _vJuvenile fiction. |
|
| 650 | 1 |
_aAnimals _vFiction. |
|
| 655 | 7 |
_aFiction. _2lcgft _0https://id.loc.gov/authorities/genreForms/gf2014026339 |
|
| 655 | 7 |
_aFiction. _2lcgft _0https://id.loc.gov/authorities/genreForms/gf2014026339 |
|
| 991 |
_bc-GenColl _hPZ10.3.K97 _iLu _p00025579537 _tCopy 1 _wBOOKS |
||
| 999 |
_c1724 _d1724 |
||